000 00748nam a2200265Ia 4500
003 OSt
005 20220918185533.0
006 a|||||r|||| 00| 0
007 ta
008 220917b |||||||| |||| 00| 0 eng d
024 _a51,401
037 _cTextual
040 _aARTS
_cARTS
_beng
041 _2eng
_aeng
082 _aP:(S:682), M4
100 _aVaneemeren Frans H
_969328
245 0 _aSpeech arts in argumentative discussions
260 _aHolland
_bForis
_c1984
300 _a215p.
_ccm.
490 _aPragmatics and disordeerse analsis; 1
650 _aLINGUISTICS
700 _a Grootendost Rob
_969329
942 _hP:(S:682), M4
_cTEXL
_2CC
999 _c180994
_d180994